Plants bite back / (Record no. 49410)
| 000 -LEADER | |
|---|---|
| fixed length control field | 00285nam a2200121 4500 |
| 020 ## - INTERNATIONAL STANDARD BOOK NUMBER | |
| International Standard Book Number | 9785001015802 |
| 100 ## - MAIN ENTRY--PERSONAL NAME | |
| Personal name | Platt, Richard |
| 245 ## - TITLE STATEMENT | |
| Title | Plants bite back / |
| Statement of responsibility, etc | Richard Platt |
| 260 ## - PUBLICATION, DISTRIBUTION, ETC. (IMPRINT) | |
| Place of publication, distribution, etc | US |
| Name of publisher, distributor, etc | DK |
| Date of publication, distribution, etc | 2019 |
| 300 ## - PHYSICAL DESCRIPTION | |
| Extent | 48 p. |
| Other physical details | col. ill. |
| Dimensions | 23 cm. |
| 650 ## - SUBJECT ADDED ENTRY--TOPICAL TERM | |
| Topical term or geographic name as entry element | Plants |
| 942 ## - ADDED ENTRY ELEMENTS (KOHA) | |
| Source of classification or shelving scheme | |
| Koha item type | Book |
| Withdrawn status | Lost status | Source of classification or shelving scheme | Damaged status | Not for loan | Collection code | Home library | Current library | Shelving location | Date acquired | Total Checkouts | Full call number | Barcode | Date last seen | Date checked out | Price effective from | Koha item type |
|---|---|---|---|---|---|---|---|---|---|---|---|---|---|---|---|---|
| Non-Fiction | Asian Hope Early Years Library | Asian Hope Early Years Library | Easy Reading | 08/25/2025 | 9 | X 581.65 PLA | 208927 | 04/29/2026 | 04/22/2026 | 08/25/2025 | Book |